<?xml version="1.0" encoding="UTF-8"?>
<collection xmlns="http://www.loc.gov/MARC21/slim">
 <record>
  <leader>00956nam a22001937a 4500</leader>
  <controlfield tag="001">NCT_148627</controlfield>
  <controlfield tag="008">230411b        xxu||||| |||| 00| 0 vie d</controlfield>
  <datafield tag="999" ind1=" " ind2=" ">
   <subfield code="c">7658</subfield>
   <subfield code="d">7658</subfield>
  </datafield>
  <datafield tag="020" ind1=" " ind2=" ">
   <subfield code="c">sách tặng</subfield>
  </datafield>
  <datafield tag="082" ind1="0" ind2="4">
   <subfield code="2">23rd ed.</subfield>
   <subfield code="a">620</subfield>
   <subfield code="b">M672</subfield>
  </datafield>
  <datafield tag="100" ind1="1" ind2=" ">
   <subfield code="a">Middendorf, William H.</subfield>
  </datafield>
  <datafield tag="245" ind1="1" ind2="0">
   <subfield code="a">Design of devices and systems</subfield>
   <subfield code="c">William H. Middendorf</subfield>
  </datafield>
  <datafield tag="260" ind1=" " ind2=" ">
   <subfield code="a">New York </subfield>
   <subfield code="b">Marcel Dekker</subfield>
   <subfield code="c">1986</subfield>
  </datafield>
  <datafield tag="300" ind1=" " ind2=" ">
   <subfield code="a">442 p.</subfield>
   <subfield code="b">ill</subfield>
   <subfield code="c">24 cm</subfield>
  </datafield>
  <datafield tag="520" ind1="3" ind2=" ">
   <subfield code="a">This book introduction the concept of the life cycle a product in the first chaper along with a six - step design process that seems to fit most products well. The need for safe product that truly the needs of the intended purchaser is emphasized throughout the book.</subfield>
  </datafield>
  <datafield tag="653" ind1=" " ind2=" ">
   <subfield code="a">Cơ khí Động lực</subfield>
  </datafield>
  <datafield tag="942" ind1=" " ind2=" ">
   <subfield code="2">ddc</subfield>
   <subfield code="c">BK</subfield>
  </datafield>
  <datafield tag="952" ind1=" " ind2=" ">
   <subfield code="0">0</subfield>
   <subfield code="1">0</subfield>
   <subfield code="2">ddc</subfield>
   <subfield code="4">0</subfield>
   <subfield code="6">620_000000000000000_M672</subfield>
   <subfield code="7">0</subfield>
   <subfield code="9">27512</subfield>
   <subfield code="a">000001</subfield>
   <subfield code="b">000001</subfield>
   <subfield code="d">2023-04-11</subfield>
   <subfield code="o">620 M672</subfield>
   <subfield code="p">MD.21749</subfield>
   <subfield code="r">2023-04-11</subfield>
   <subfield code="w">2023-04-11</subfield>
   <subfield code="y">BK</subfield>
  </datafield>
  <datafield tag="980" ind1=" " ind2=" ">
   <subfield code="a">Thư viện Trường Đại học Nam Cần Thơ</subfield>
  </datafield>
 </record>
</collection>
